000 00345 a2200109 4500
001 ART_7472
005 20260410161624.0
008 260409a
245 1 0 _aNuevo reglamento del "Régimen de Contrataciones de la Administración Nacional"
100 1 _aAtchabahian, Adolfo
773 0 _tEnfoques
_g- Nº 9 (sep. 2012)
_wREV416
999 _c11830
_d11830